000 00594nam a2200241 a 4500
001 nice12345678
003 IN_TiNIC
005 20260116012812.0
008 050524s1985 boma grp 000 0 urd
020 _a
_c100
082 0 0 _a305.480297
_bENG4
100 _aEngineer, Asghar Ali
245 _aQuran Men Awrat Ka Darja
260 _aBombay
_bInstitute of Islamic Studies
_c1985
300 _a81p
500 _aincludes index and biblioraphy
505 2 _aIndex
650 _aWomen in Islam
700 1 _aEngineer, Asghar Ali
902 _bSRS
942 _cBK
999 _c8428
_d8428